Statistics for Random Czech Words

Click here to take the quiz!

General Stats

  • This quiz has been taken 418 times
    (224 since last reset)
  • The average score is 19 of 24

Answer Stats

Czech English % Correct
třithree
92%
káva, kafecoffee
91%
krémcream, polish
86%
raketaracket, rocket
86%
denday
86%
nosnose
86%
hurikánhurricane
85%
sestrasister
84%
andělangel
84%
AnglieEngland
83%
pepřpepper
82%
kartacard
81%
botashoe
80%
IslandIceland
79%
synson
77%
levlion
76%
měsícmonth, moon
75%
klíčkey
75%
prezervativcondom
73%
BůhGod
70%
muset (verb)must
67%
kavárnacafé, coffeehouse
64%
vosawasp
50%
voskwax
44%

Score Distribution

Percentile by Number Answered

Percent of People with Each Score

Your Score History

You have not taken this quiz since the last reset